Tratado de derecho administrativo (Registro nro. 946)

Detalles MARC
000 -LEADER
fixed length control field 01234 a2200205 4500
001 - CONTROL NUMBER
control field 22287
005 - DATE AND TIME OF LATEST TRANSACTION
control field 20260407155512.0
008 - FIXED-LENGTH DATA ELEMENTS--GENERAL INFORMATION
fixed length control field 260407a1966 arg spa d
003 - CONTROL NUMBER IDENTIFIER
control field AR-UNSa-BCEJYS
040 ## - CATALOGING SOURCE
Original cataloging agency AR-UNSa-BCEJYS
Language of cataloging spa
Transcribing agency AR-UNSa-BCEJYS
080 ## - UNIVERSAL DECIMAL CLASSIFICATION NUMBER
Universal Decimal Classification number 342.9
Common auxiliary subdivision Derecho Administrativo
041 ## - LANGUAGE CODE
Language code of text/sound track or separate title spa
100 1# - MAIN ENTRY--PERSONAL NAME
Personal name Marienhoff, Miguel S.
245 10 - TITLE STATEMENT
Title Tratado de derecho administrativo
264 #1 - PRODUCTION, PUBLICATION, DISTRIBUTION, MANUFACTURE, AND COPYRIGHT NOTICE
Place of production, publication, distribution, manufacture Buenos Aires :
Name of producer, publisher, distributor, manufacturer Abeledo Perrot
Date of production, publication, distribution, manufacture, or copyright notice 1966
300 ## - PHYSICAL DESCRIPTION
Extent 803 p.
Dimensions 23 cm.
505 ## - FORMATTED CONTENTS NOTE
Formatted contents note Titulo V: 1. Servicios públicos - 2. Caracteres Jurídicos - 3. Creación, Organización, Modificación y supresión de servicios públicos - 4. Sistema jurídico inherente al servicio público - 5. Clasificación de los servicios públicos - 6. La retribución en los servicios públicos - 7. El administrado y el usuario en su relación con el servicio público - 8. Formas de presentación o gestión de los servicios públicos - 9. Colaboración de los particulares con la administración en la prestación de los servicios públicos - Titulo VI: 1. Actos de la administración pública - 2. Acto administrativo - 3. Actos de administración - 4. Actos de gobierno o político.
590 ## - LOCAL NOTE (RLIN)
Local note niveau_biblio:m niveau_hierar:0
942 ## - ADDED ENTRY ELEMENTS (KOHA)
Koha item type
Existencias
Withdrawn status Lost status Damaged status Not for loan Home library Current library Shelving location Date acquired Total checkouts Full call number Barcode Date last seen Price effective from Koha item type
        Biblioteca Prof. Eusebio Cleto del Rey Biblioteca Prof. Eusebio Cleto del Rey   07/04/2026   342.9 M334 v.2 L24188 07/04/2026 07/04/2026 Libro